| 000 | 00542nam a22001697a 4500 | ||
|---|---|---|---|
| 003 | OSt | ||
| 005 | 20250709025250.0 | ||
| 008 | 250709b |||||||| |||| 00| 0 eng d | ||
| 020 | _a978-971-93302-3-3 | ||
| 040 |
_aDWC-Main Lib _cOC |
||
| 082 | _aSC 158.2 T819a 2009 | ||
| 100 | _aTria, Wilmer Joseph S. | ||
| 245 |
_aAko asin an kapwa ko: _bpilosopiya nin tawo/ _cWilmer Joseph S. Tria |
||
| 260 |
_aNaga, Philippines: _bAteneo de Naga University Press, _cc2009. |
||
| 300 |
_ax, 154 pages: _billustrations; _c23 cm. |
||
| 942 |
_2ddc _cSC _kSC _n0 |
||
| 999 |
_c3522 _d3522 |
||